000 00566nam a2200217Ia 4500
001 44884
005 20240114003648.0
007 ta
008 090304s a g b000 u 903 u
040 _aCotton College,Assam
041 _a903
082 _a825.6
_bC 558 P
100 _aClarke, William .
245 0 _aPolitical Orations /
_cWilliam Clarke.
_hTextual Documents
260 _aLondon :
_bWaltor Scott ,
_c1903.
300 _a311p. :
_bill. ;
_c12 cm. .
653 _aT/G-English
942 _2ddc
_cBK
999 _c44850
_d44850